01137nam a2200301Ia 4500001000700000003000600007005001700013007001400030008004100044039004300085040000900128090001900137100004600156245011800202260001000320300003600330502004800366504005700414533007500471546002300546596000600569650005000575650004300625650002400668942001300692952011500705999001500820u23148SIRSI20180219123755.0he|amb|||bacu011122s1992 ua a bb 000 0 eng d 9a200207201403bsaidy200203190956zload aEAL. aThesisbS-42001 aELkashlan, Ibrahim Hani Saad ELdin Fathi.10aStudies on some insects associated with stored products h[microform] /cIbrahim Hani Saad ELdin Fathi ELkashlan. c1992. a176, 8 Leaves :bill. ;c30 cm. aThesis (Ph.D)--Alexandria University, 1992. aIncludes bibliographical refences (leaves [166]-176) aMicrofiche.bASUNET,cAin Shams University,e3 microfiches : negative. aSummary in Arabic. a1 0aFarm producexStoragexDiseases and injuries. 0aGrainxStoragexDiseases and injuries. 0aFood storage pests. cMIC2lcc 00102lcc4070aENALbENALd2018-02-19l0oTHESIS S-4200p14805-1001r2018-02-19 00:00:00t1w2018-02-19yMIC c3636d3636